LEADER 03185nam 2200577 a 450 001 9910455622903321 005 20200520144314.0 010 $a1-84964-148-X 010 $a0-585-48871-1 035 $a(CKB)111087027772084 035 $a(StDuBDS)AH22933442 035 $a(SSID)ssj0000108814 035 $a(PQKBManifestationID)11145244 035 $a(PQKBTitleCode)TC0000108814 035 $a(PQKBWorkID)10045036 035 $a(PQKB)10618307 035 $a(MiAaPQ)EBC3386504 035 $a(Au-PeEL)EBL3386504 035 $a(CaPaEBR)ebr10480132 035 $a(CaONFJC)MIL987627 035 $a(OCoLC)53983465 035 $a(EXLCZ)99111087027772084 100 $a20020125d2002 uy 0 101 0 $aeng 135 $aur||||||||||| 181 $ctxt 182 $cc 183 $acr 200 10$aBarbarians and civilization in international relations$b[electronic resource] /$fMark B. Salter 210 $aLondon ;$aSterling, Va. $cPluto Press$d2002 215 $a1 online resource (224 p.) 300 $aBibliographic Level Mode of Issuance: Monograph 311 $a0-7453-1901-7 311 $a0-7453-1902-5 320 $aIncludes bibliographical references and index. 327 $aIntroduction -- Civilization and barbarians -- Empire of barbarians -- A civilized/barbaric Europe -- New barbarians -- Decolonizing the discipline : forgetting the imperial past and the imperial present -- New barbarians, old barbarians : post-Cold War IR theory, 'everything old is new again' -- Conclusion : the return of culture, identity, civilization, and barbarians to international relations. 330 $bThe terrorist attacks in New York and Washington have led to popular conceptions of Muslims as terrorists. Some commentators have harked back to the 'Clash of Civilizations' argument outlined by Samuel Huntington which has become a touchstone in postcolonial studies. Huntington argued that, after the collapse of the Cold War, culture would become the main axis of conflict for civilizational alliances. Mark Salter takes issue with Huntington's theory and explains how the terms of his argument are part of an imperialist discourse that casts other civilizations as essentially barbarian.Although many commentators have engaged with Huntington's claims, few have pursued the political implications of his argument. Barbarians and Civilisation offers a decisive exploration of the colonial rhetoric inherent in current political discourse. Charting the usefulness of concepts of culture and identity for understanding world politics, Salter brilliantly illustrates the benefits and the limitations of the civilized/barbarian dichotomy in international relations. 606 $aInternational relations and culture 606 $aWorld politics$y1989- 608 $aElectronic books. 615 0$aInternational relations and culture. 615 0$aWorld politics 676 $a303.48/2 700 $aSalter$b Mark B$0927458 801 0$bMiAaPQ 801 1$bMiAaPQ 801 2$bMiAaPQ 906 $aBOOK 912 $a9910455622903321 996 $aBarbarians and civilization in international relations$92125626 997 $aUNINA LEADER 02977oam 2200685I 450 001 9910453371003321 005 20200520144314.0 010 $a1-138-99781-1 010 $a1-315-85572-0 010 $a1-317-92854-7 010 $a1-317-92855-5 024 7 $a10.4324/9781315855721 035 $a(CKB)2550000001189884 035 $a(EBL)1600504 035 $a(SSID)ssj0001173721 035 $a(PQKBManifestationID)11673425 035 $a(PQKBTitleCode)TC0001173721 035 $a(PQKBWorkID)11106294 035 $a(PQKB)10268489 035 $a(OCoLC)874146395 035 $a(MiAaPQ)EBC1600504 035 $a(Au-PeEL)EBL1600504 035 $a(CaPaEBR)ebr10829740 035 $a(CaONFJC)MIL568812 035 $a(OCoLC)869095361 035 $a(OCoLC)897465333 035 $a(EXLCZ)992550000001189884 100 $a20180706e20141991 uy 0 101 0 $aeng 135 $aur|n|---||||| 181 $ctxt 182 $cc 183 $acr 200 14$aThe difficulty of difference $epsychoanalysis, sexual difference & film theory /$fD.N. Rodowick 210 1$aLondon ;$aNew York :$cRoutledge,$d2014. 215 $a1 online resource (321 p.) 225 0 $aRoutledge Library Editions: Cinema ;$vVolume 26 300 $a"First published in 1991"--T.p. verso. 311 $a0-415-72676-X 311 $a1-306-37561-4 320 $aIncludes bibliographical references and index. 327 $aCover; Half Title; Title Page; Copyright Page; Original Title Page; Original Copyright Page; Table of Contents; Note on Abbreviations; Preface; Chapter 1 The Difficulty of Difference; Chapter 2 The Return of the Exile; Chapter 3 Reading Freud ... Differently; Chapter 4 Metamorphoses; Chapter 5 The Difference of Reading; Chapter 6 Analysis Interminable; Notes; Index 330 $aThis book argues that serious misreadings of Freud and Lacan on sexual difference have characterized prevailing models of psychoanalytic film criticism. In critiquing theories of identification and female spectatorship, the author maintains that early film theorists and feminist critics are equally guilty of imposing a binary conception of sexual difference on Freud's thought. By embracing such a rigid definition of male/female difference, they fail to understand the fundamentally complex and fluid process of sexual identification as it is articulated in Freud's writing, constructed in film 410 0$aRoutledge library editions.$pCinema. 606 $aFilm criticism 606 $aSex differences (Psychology) 606 $aPsychoanalysis 608 $aElectronic books. 615 0$aFilm criticism. 615 0$aSex differences (Psychology) 615 0$aPsychoanalysis. 676 $a91.43/013 700 $aRodowick$b David Norman.$0551236 801 0$bMiAaPQ 801 1$bMiAaPQ 801 2$bMiAaPQ 906 $aBOOK 912 $a9910453371003321 996 $aThe difficulty of difference$92022440 997 $aUNINA